Manas ka hams. (Record no. 113853)

MARC details
000 -LEADER
fixed length control field 00514nam a2200193Ia 4500
003 - CONTROL NUMBER IDENTIFIER
control field OSt
005 - DATE AND TIME OF LATEST TRANSACTION
control field 20260407164301.0
008 - FIXED-LENGTH DATA ELEMENTS--GENERAL INFORMATION
fixed length control field 210210b1975 xxu||||| |||| 00| 0 eng d
040 ## - CATALOGING SOURCE
Transcribing agency AL
041 ## - LANGUAGE CODE
Language code of text/sound track or separate title Hindi
082 ## - DEWEY DECIMAL CLASSIFICATION NUMBER
Classification number H891.3 NAGM
100 ## - MAIN ENTRY--PERSONAL NAME
Personal name NAGAR (Amratlal).
Dates associated with a name अमृतलाल नागर
9 (RLIN) 260574
245 ## - TITLE STATEMENT
Title Manas ka hams.
Remainder of title मानस का हंस
260 ## - PUBLICATION, DISTRIBUTION, ETC.
Place of publication, distribution, etc. Dilli
Name of publisher, distributor, etc. Rajpal End Sanj
Date of publication, distribution, etc. 1975
300 ## - PHYSICAL DESCRIPTION
Extent 380
690 ## - LOCAL SUBJECT ADDED ENTRY--TOPICAL TERM (OCLC, RLIN)
Topical term or geographic name as entry element Hindi Fiction
9 (RLIN) 260575
906 ## - LOCAL DATA ELEMENT F, LDF (RLIN)
a SG02934
942 ## - ADDED ENTRY ELEMENTS (KOHA)
Source of classification or shelving scheme Dewey Decimal Classification
Koha item type Book
Holdings
Withdrawn status Lost status Source of classification or shelving scheme Damaged status Not for loan Collection code Home library Current library Shelving location Date acquired Cost, normal purchase price Total Checkouts Full call number Barcode Date last seen Price effective from Koha item type
    Dewey Decimal Classification     Hindi St Aloysius Library St Aloysius Library   02/17/2021 0.00   H891.3 NAGM SG02934 02/17/2021 02/17/2021 Special Grants